Negro y azul / (Record no. 12536)

MARC details
000 -LEADER
campo de control de longitud fija 00716nam a2200241 i 4500
001 - NÚMERO DE CONTROL
campo de control 12536
003 - IDENTIFICADOR DE NÚMERO DE CONTROL
campo de control ES-MaACL
005 - FECHA Y HORA DE LA ÚLTIMA TRANSACCIÓN
campo de control 20250708063319.0
007 - CAMPO FIJO DE DESCRIPCIÓN FÍSICA--INFORMACIÓN GENERAL
campo de control de longitud fija t|
008 - DATOS DE LONGITUD FIJA--INFORMACIÓN GENERAL
campo de control de longitud fija 960919s1996 sp ||||0| spa j
020 ## - NÚMERO INTERNACIONAL ESTÁNDAR DEL LIBRO
Número Internacional Estándar del Libro 84-8151-289-3
040 ## - FUENTE DE CATALOGACIÓN
Centro catalogador/agencia de origen M-BN
Lengua de catalogación spa
Centro/agencia transcriptor M-BN
080 ## - NÚMERO DE LA CLASIFICACIÓN DECIMAL UNIVERSAL
Número de la Clasificación Decimal Universal 860-14"19"
100 1# - ENTRADA PRINCIPAL--NOMBRE DE PERSONA
Nombre de persona Gálvez, Pedro Luis de,
Fechas asociadas al nombre 1882-1940
9 (RLIN) 53712
245 10 - MENCIÓN DEL TÍTULO
Título Negro y azul /
Mención de responsabilidad, etc. Pedro Luis de Gálvez ; edición y prólogo de Francisco Rivas.
260 ## - PUBLICACIÓN, DISTRIBUCIÓN, ETC.
Lugar de publicación, distribución, etc. Granada :
Nombre del editor, distribuidor, etc. Comares,
Fecha de publicación, distribución, etc. 1996.
300 ## - DESCRIPCIÓN FÍSICA
Extensión 328 p ;
Dimensiones 21 cm.
490 1# - MENCIÓN DE SERIE
Mención de serie La veleta ;
Designación de volumen o secuencia 33
700 1# - ENTRADA AGREGADA--NOMBRE PERSONAL
Nombre de persona Rivas, Francisco.
9 (RLIN) 97557
830 0# - PUNTO DE ACCESO ADICIONAL DE SERIE-TÍTULO UNIFORME
Título uniforme La veleta ;
Designación de volumen o secuencia 33
9 (RLIN) 178640
852 ## - LOCALIZACIÓN
Ubicación ES-MaACL
Número de control de estantería L-19911
Sublocalización o colección R.125691
Holdings
Estatus retirado Estado de pérdida Estado de daño No para préstamo Biblioteca de origen Biblioteca actual Ubicación en estantería Fecha de adquisición Fuente de adquisición Total de préstamos Signatura topográfica completa Código de barras Visto por última vez Precio de reemplazo Tipo de ítem Koha
        Biblioteca del Ateneo de Madrid Biblioteca del Ateneo de Madrid Depósito 2 17/01/2008     L-19911 1012772 23/02/2023 23/02/2023 Libro impreso